00476 2200181 4500001002100000008004100021035002000062245004300082100001400125260003500139300002100174020002200195084001600217082001000233650001300243990001900256990001900275INLIS000000000000452 ind  a0010-0625000120 aMao Zedong, Sebuah BiograficNurjannah aNurjannah aYogyakarta :bSociality,c2020 a124 hlm.c20 cm. a978-602-0770-92-5 a923.2 NUR m a923.2 aBiografi a2094/MP.H/2025 a2093/MP.H/2025